О нормах представительства для Союза Нарпит

Доступно только в Электронных читальных залах Найти на картеНа карте
RUSMARC
00003866nac2a22002653x 450
00139075b25-370d-424c-9399-1efbd4f1e6a2
00520230630165514.0
100##$a20230605l1929 k y0rusy50 ca
1010#$arus
102##$aRU
105##$ay z |||||
1220#$ad19291231
2001#$aО нормах представительства для Союза Нарпит
$j1929
215##$a4 листа
$d37 х 23,7
251##$cДело
300##$aВ деле обратная нумерация листов
300##$aЧасть текста машинописная и рукописная, часть - напечатана типографским способом
324##$aВ деле имеются копии отдельных документов
461#0$1001796d4672-8a00-4986-b488-6e42273792cc
$12001
$aЦЕНТРАЛЬНЫЙ ИСПОЛНИТЕЛЬНЫЙ КОМИТЕТ СССР (ЦИК СССР).
$1251
$cФонд
$1852
$gР
$j3316
462#0$10016e6e8ba4-e15f-4ad4-8937-f1e88c150bfe
$12001
$aДела Секретариата Президиума ЦИК Союза ССР. 1929 г.
$vД. 1113
$1251
$cОпись
$1852
$j22
60101$3RU\NLR\AUTH\880357276
$aСССР
$bЦИК
60102$3RU\NLR\AUTH\880412217
$aСоюз рабочих народного питания и общежитий СССР
801#0$aRU
$bGA_RF
801#1$aRU
$bГлавНИВЦ
$c20230605
$2rusmarc
801#2$aRU
$bПБ им. Б.Н. Ельцина
$c20230630
$gRCR
$2rusmarc
852##$aГА РФ
$j1113
937##$d185900498
$hГАРФ
035##$aRuPRLIB51072156
856##$uhttp://readingroom.main.prlib.ru/item.aspx?id_node=n185900498&mode=full
Формат отображения